LEADER 01126nam0 22003011i 450 001 VAN0016845 005 20050228120000.0 010 $a88-238-0261-X 100 $a20040528d1994 |0itac50 ba 101 $aita 102 $aIT 105 $a|||| ||||| 200 1 $aArte & economia$ei presupposti estetici dell'economia dell'arte$fa cura di Aldo Spranzi 210 $aMilano$cEGEA$d[1994] 215 $aXIII, 342 p.$d23 cm. 517 1$3VAN0077854$aArte [e] economia 606 $aCritica artistica$3VANC008451$2FI 606 $aArte$xAspetti economici$3VANC008501$2FI 620 $dMilano$3VANL000284 676 $a701.18$v21 702 1$aSpranzi$bAldo$3VANV012666 712 $aEgea $3VANV107924$4650 801 $aIT$bSOL$c20230922$gRICA 899 $aBIBLIOTECA DEL DIPARTIMENTO DI ARCHITETTURA E DISEGNO INDUSTRIALE$1IT-CE0107$2VAN01 912 $aVAN0016845 950 $aBIBLIOTECA DEL DIPARTIMENTO DI ARCHITETTURA E DISEGNO INDUSTRIALE$d01PREST IAb60 $e01 1128 20051011 996 $aArte & economia$9875676 997 $aUNICAMPANIA LEADER 01738nam0 2200397 i 450 001 VAN0114467 005 20220303090718.782 017 70$2N$a978-3-662-48638-2 100 $a20180205d2016 |0itac50 ba 101 $aeng 102 $aDE 105 $a|||| ||||| 200 1 $aBayesians versus frequentists$ea philosophical debate on statistical reasoning$fJordi Vallverdú 210 $aHeidelberg [etc.]$cSpringer$d2016 - XII$d110 p.$cill. ; 24 cm 410 1$1001VAN0102916$12001 $aSpringerBriefs in statistics$1210 $aBerlin [etc.]$cSpringer$d2011- 500 1$3VAN0241986$aBayesians versus frequentists$91523179 606 $a01Axx$xHistory of mathematics and mathematicians [MSC 2020]$3VANC019751$2MF 606 $a00A30$xPhilosophy of mathematics [MSC 2020]$3VANC020829$2MF 606 $a62-XX$xStatistics [MSC 2020]$3VANC022998$2MF 610 $aBayesian$9KW:K 610 $aCausality$9KW:K 610 $aDeterminism$9KW:K 610 $aHistory of mathematics$9KW:K 610 $aPhilosophy of mathematics$9KW:K 610 $aStatistical thinking$9KW:K 620 $aDE$dHeidelberg$3VANL000282 700 1$aVallverdú$bJordi$3VANV088554$0755843 712 $aSpringer $3VANV108073$4650 801 $aIT$bSOL$c20240614$gRICA 856 4 $uhttp://dx.doi.org/10.1007/978-3-662-48638-2$zE-book ? Accesso al full-text attraverso riconoscimento IP di Ateneo, proxy e/o Shibboleth 899 $aBIBLIOTECA CENTRO DI SERVIZIO SBA$2VAN15 912 $fN 912 $aVAN0114467 950 $aBIBLIOTECA CENTRO DI SERVIZIO SBA$d15CONS SBA EBOOK 2141 $e15EB 2141 20180205 996 $aBayesians versus frequentists$91523179 997 $aUNICAMPANIA